|
|
|
|
| LEADER |
02137nam a2200625 a 4500 |
| 001 |
nkc20132463577 |
| 003 |
CZ PrNK |
| 005 |
20130625145154.0 |
| 007 |
ta |
| 008 |
130514s2013 xr a f 000 0 cze |
| 015 |
|
|
|a cnb002463577
|
| 020 |
|
|
|a 978-80-260-4574-8
|q (v knize neuvedeno :
|q brož.)
|
| 035 |
|
|
|a (OCoLC)852383333
|
| 040 |
|
|
|a OLA001
|b cze
|
| 043 |
|
|
|a e-xr---
|b e-xr-pl
|2 czenas
|
| 072 |
|
7 |
|a 639.2/.6
|x Rybářství
|2 Konspekt
|9 24
|
| 080 |
|
|
|a 626.886
|2 MRF
|
| 080 |
|
|
|a 639.311
|2 MRF
|
| 080 |
|
|
|a 639.2/.6
|2 MRF
|
| 080 |
|
|
|a 639.3
|2 MRF
|
| 080 |
|
|
|a 591.9(204)
|2 MRF
|
| 080 |
|
|
|a 581.9(204)
|2 MRF
|
| 080 |
|
|
|a (437.317)
|2 MRF
|
| 080 |
|
|
|a (048.8)
|2 MRF
|
| 100 |
1 |
|
|a Hlaváč, David,
|d 1987-
|7 pna2013761389
|4 aut
|
| 245 |
1 |
0 |
|a Vodní svět Chanovicka /
|c David Hlaváč a kolektiv
|
| 250 |
|
|
|a 1. vyd.
|
| 260 |
|
|
|a Chanovice :
|b Obec Chanovice,
|c 2013
|
| 300 |
|
|
|a 124 s. :
|b il. (převážně barev.) ;
|c 21 cm
|
| 490 |
1 |
|
|a Obec Chanovice ;
|v sv. 12
|
| 500 |
|
|
|a Terminologický slovník
|
| 500 |
|
|
|a 500 výt.
|
| 504 |
|
|
|a Obsahuje bibliografii
|
| 650 |
0 |
7 |
|a rybníky
|7 ph116092
|z Česko
|2 czenas
|
| 650 |
0 |
7 |
|a rybníkářství
|7 ph125361
|z Česko
|2 czenas
|
| 650 |
0 |
7 |
|a rybářství
|7 ph116094
|z Česko
|2 czenas
|
| 650 |
0 |
7 |
|a chov ryb
|7 ph134819
|z Česko
|2 czenas
|
| 650 |
0 |
7 |
|a vodní živočichové
|7 ph116601
|z Česko
|2 czenas
|
| 650 |
0 |
7 |
|a vodní rostliny
|7 ph127164
|z Česko
|2 czenas
|
| 650 |
0 |
9 |
|a fish ponds
|z Czechia
|2 eczenas
|
| 650 |
0 |
9 |
|a fish-culture
|z Czechia
|2 eczenas
|
| 650 |
0 |
9 |
|a fish culture
|z Czechia
|2 eczenas
|
| 650 |
0 |
9 |
|a fish keeping
|z Czechia
|2 eczenas
|
| 650 |
0 |
9 |
|a aquatic animals
|z Czechia
|2 eczenas
|
| 650 |
0 |
9 |
|a water plants
|z Czechia
|2 eczenas
|
| 655 |
|
7 |
|a monografie
|7 fd132842
|2 czenas
|
| 655 |
|
9 |
|a monographs
|2 eczenas
|
| 651 |
|
7 |
|a Chanovice (Česko : oblast)
|7 ge234544
|2 czenas
|
| 651 |
|
9 |
|a Chanovice Region (Czechia)
|2 eczenas
|
| 830 |
|
0 |
|a Obec Chanovice
|0 s
|
| 910 |
2 |
|
|a BOA001
|b 2-1303.382
|
| 990 |
|
|
|a BK
|
| 995 |
|
|
|a 01
|
| 991 |
|
|
|b 201305
|c NOV
|e n
|
| 996 |
6 |
|
|b 2610549630
|c 2-1303.382
|l MZK
|r Sklad / do 1 hodiny
|n 0
|p p.v.
|w 001328887
|u 000010
|a 1
|e BOA001
|j MZK50
|s P
|